Online
Catalog

Leyendas. / (Record no. 36005)

MARC details
000 -CABECERA
campo de control de longitud fija 00572nam a2200181 a 4500
001 - NÚMERO DE CONTROL
campo de control 000036514
005 - FECHA Y HORA DE LA ÚLTIMA TRANSACCIÓN
campo de control 20200930075756.0
008 - DATOS DE LONGITUD FIJA--INFORMACIÓN GENERAL
campo de control de longitud fija 120119s1994 sp 000 0 spa d
020 ## - NÚMERO INTERNACIONAL ESTÁNDAR DEL LIBRO
Número Internacional Estándar del Libro 8476726325
040 ## - FUENTE DE LA CATALOGACIÓN
Centro catalogador/agencia de origen DO-SdBNP
Lengua de catalogación spa
Centro/agencia transcriptor BNPHU
082 ## - NÚMERO DE LA CLASIFICACIÓN DECIMAL DEWEY
Número de clasificación xxxx
Número de documento/Ítem B398l
100 1# - ENTRADA PRINCIPAL--NOMBRE DE PERSONA
Nombre de persona Becquer, Gustavo A.
9 (RLIN) 62760
245 10 - MENCIÓN DE TÍTULO
Título Leyendas. /
Mención de responsabilidad, etc. Gustavo A. Becquer; edición y notas Jorge Garza Castillo.
260 ## - PUBLICACIÓN, DISTRIBUCIÓN, ETC.
Lugar de publicación, distribución, etc. Barcelona :
Nombre del editor, distribuidor, etc. Edicomunicación,
Fecha de publicación, distribución, etc. 1994.
300 ## - DESCRIPCIÓN FÍSICA
Extensión 252 p. ;
Dimensiones 19 cm.
490 1# - MENCIÓN DE SERIE
Mención de serie Clásicos universales.
-- Fontana
830 #0 - PUNTO DE ACCESO ADICIONAL DE SERIE-TÍTULO UNIFORME
Título uniforme Clásicos universales.
Nombre de parte o sección de la obra Fontana
9 (RLIN) 62761
Holdings
Estado de retiro Estado de pérdida Restricciones de uso No para préstamo Código de colección Localización permanente Ubicación/localización actual Ubicación en estantería Fecha de adquisición Número de inventario Total de préstamos Signatura topográfica completa Código de barras Fecha visto por última vez Precio válido a partir de Tipo de ítem Koha
        Monografías: Libros y Folletos General General Orden iniciada 19.01.2012 LF1   xxxx B398l 36515-10 25.06.2020 25.06.2020 No se presta

Powered by Koha